书目信息 |
| 题名: |
酶工程
|
|
| 作者: | 郭勇 主编 | |
| 分册: | ||
| 出版信息: | 北京 中国轻工业出版社 1994 |
|
| 页数: | 326页 | |
| 开本: | 20cm | |
| 丛书名: | ||
| 单 册: | ||
| 中图分类: | Q55 | |
| 科图分类: | 55.17435 | |
| 主题词: | 生物工程--酶--高等学校--教材 | |
| 电子资源: | ||
| ISBN: | 978-7-5019-1542-2 | |
| 000 | 00725n|m0 2200253 450 | |
| 001 | 0102631459 | |
| 005 | 20121116170000.0 | |
| 010 | @a978-7-5019-1542-2@dCNY6.00 | |
| 100 | @a20021005d1994 em y0chiy0110 ea | |
| 101 | 0 | @achi |
| 102 | @aCN@b110000 | |
| 105 | @ay z 000yy | |
| 135 | @adrbn ---auuuu | |
| 200 | 1 | @a酶工程@9Mei Gong Cheng @f郭勇主编@b电子资源.图书 |
| 210 | @a北京@c中国轻工业出版社@d1994 | |
| 215 | @a326页@d20cm | |
| 325 | @a电子复制品 | |
| 330 | @a内容包括:酶的分离纯化、酶分子修饰、酶与细胞固定化等8章。 | |
| 606 | 0 | @a生物工程@x酶@x高等学校@x教材 |
| 690 | @aQ55@v3 | |
| 692 | @a55.17435 | |
| 701 | 0 | @a郭勇@9guo yong@4主编 |
| 801 | 0 | @aCN@bAZmarc@c20230904 |
| 905 | @dQ55@e6@f15@sQ55/6@aBZT | |
| 酶工程/郭勇主编[电子资源.图书].-北京:中国轻工业出版社,1994 |
| 326页;20cm |
| ISBN 978-7-5019-1542-2:CNY6.00 |
| 内容包括:酶的分离纯化、酶分子修饰、酶与细胞固定化等8章。 |
| ● |
| 相关链接 |
|
|
|
正题名:酶工程
索取号:Q55/6
 
预约/预借
| 序号 | 登录号 | 条形码 | 馆藏地/架位号 | 状态 | 备注 |
| 1 | 2000113443 | 2000113443 | 旧书回溯/ [索取号:Q55/6] | 在馆 | |
| 2 | 2000113444 | 2000113444 | 旧书回溯/ [索取号:Q55/6] | 在馆 | |
| 3 | 2000113445 | 2000113445 | 旧书回溯/ [索取号:Q55/6] | 在馆 | |
| 4 | 2000113446 | 2000113446 | 旧书回溯/ [索取号:Q55/6] | 在馆 | |
| 5 | 2000113447 | 2000113447 | 旧书回溯/ [索取号:Q55/6] | 在馆 | |
| 6 | 2000113448 | 2000113448 | 旧书回溯/ [索取号:Q55/6] | 在馆 | |
| 7 | 2000113449 | 2000113449 | 旧书回溯/ [索取号:Q55/6] | 在馆 | |
| 8 | 2000113450 | 2000113450 | 旧书回溯/ [索取号:Q55/6] | 在馆 | |
| 9 | 2000113451 | 2000113451 | 旧书回溯/ [索取号:Q55/6] | 在馆 | |
| 10 | 2000113452 | 2000113452 | 旧书回溯/ [索取号:Q55/6] | 在馆 | |
| 11 | 2000113453 | 2000113453 | 旧书回溯/ [索取号:Q55/6] | 在馆 | |
| 12 | 2000113454 | 2000113454 | 旧书回溯/ [索取号:Q55/6] | 在馆 | |
| 13 | 2000113455 | 2000113455 | 旧书回溯/ [索取号:Q55/6] | 在馆 | |
| 14 | 2000113456 | 2000113456 | 旧书回溯/ [索取号:Q55/6] | 在馆 | |
| 15 | 2000113457 | 2000113457 | 旧书回溯/ [索取号:Q55/6] | 在馆 |